000 00422nam a2200169Ia 4500
005 20250423100130.0
008 250422s9999 xx 000 0 und d
020 _a978- 0- 618- 76836- X
050 _aQA 135.6 .B38/
100 _aTom Bassarear
245 0 _aMathematics for elementary school teachers
250 _a4th ed.
260 _bHoughton Mifflin company
260 _c2008
300 _a701 p
942 _cBK
999 _c32377
_d32377